| 000 | 00952 a2200181 4500 | ||
|---|---|---|---|
| 003 | Nust | ||
| 005 | 20230224120830.0 | ||
| 040 | _cNust | ||
| 082 | _a515,SWO | ||
| 100 |
_aSwokowski _9103145 |
||
| 245 |
_aCalculus / _cSwokowski and Olinick |
||
| 250 | _a6th ed | ||
| 260 |
_aBoston _bW S Co |
||
| 300 | _a1280:p | ||
| 505 | _aPrecalculus Review (Page-2), Limits and Continuity (Page-82), The Derivative (Page-142), Applications of the Derivative (Page-246), Integrals (Page-342), Applications of the Definite Integral (Page-), Transcendental Functions (Page-514), Techniques of Integration (Page-628), Infinite Series (Page-692), Parametric Equations and Polar Coordinates (Page-784), Vectors and Surfaces (Page-844), Vector Valued Functions (Page-920), Partial Differentiation (Page-972), Multiple Integrals (Page-1076), Vector Calculus (Page-1166), Differential Equations (Page-1234). | ||
| 650 |
_aCalcus _9103146 |
||
| 942 |
_2ddc _cBK _k515,SWO |
||
| 999 |
_c185084 _d185084 |
||